01357nam a2200337 a 4500001001200000003000800012006001900020007001500039008004100054010001700095020003700112020002700149040002100176035002100197050002800218082001900246100002600265245010100291260004800392300002500440504005100465505005500516533015200571650003300723650002600756650004800782655002900830710001700859856012600876999001701002ebr10579304CaPaEBRm u cr cn|||||||||070301s2007 ctua sb 001 0 eng d z 2007923909 z9780300123418 (cloth alk. paper) z9780300150254 (e-book) aCaPaEBRcCaPaEBR a(OCoLC)80834646514aBQ4570.P755bE67 2007eb04a294.3/36152221 aEpstein, Mark,d1953-10aPsychotherapy without the selfh[electronic resource] :ba Buddhist perspective /cMark Epstein. aNew Haven :bYale University Press,cc2007. aviii, 261 p. :bill. aIncludes bibliographical references and index.0 apt. 1. Buddha -- pt. 2. Freud -- pt. 3. Winnicott. aElectronic reproduction.bPalo Alto, Calif. :cebrary,d2011.nAvailable via World Wide Web.nAccess may be limited to ebrary affiliated libraries. 0aBuddhism and psychoanalysis. 0aBuddhismxPsychology. 0aPsychotherapyxReligious aspectsxBuddhism. 7aElectronic books.2local2 aebrary, Inc.40uhttp://site.ebrary.com/lib/rucke/Doc?id=10579304zAn electronic book accessible through the World Wide Web; click to view c86436d86436